| 000 | 00859nam a2200217Ia 4500 | ||
|---|---|---|---|
| 999 |
_c39228 _d39228 |
||
| 001 | 5814 | ||
| 003 | GE_BSU | ||
| 005 | 20190501105311.0 | ||
| 008 | 181216s1976||||ge |||||||||||||| ||geo|| | ||
| 040 | _cGE_BSU | ||
| 041 | _ageo | ||
| 080 | _a624.072.2 მ-74 | ||
| 100 |
_aმიქელაძე, მ. _9563 |
||
| 245 |
_aფილების ღუნვის თეორია : _bსახელმძღვ. / _cმ. მიქელაძე ; რედ. ვ.გოგსაძე. |
||
| 264 |
_aთბილისი : _bგანათლება ; _c1976. |
||
| 300 |
_a451 გვ. : _bნახაზ. ; _e20 სმ. |
||
| 504 | _aბიბლიოგრ. : გვ.550. | ||
| 653 | _aფილების ღუნვის თეორია. | ||
| 700 |
_aგოგსაძე, ვ. _eრედაქტორი _9496 |
||
| 942 |
_cBK _2udc |
||